Loading…

Soy gerente: ¿y ahora qué? /

Soy gerente ¿y ahora qué? tiene como objetivo presentar los elementos básicos necesarios para que un gerente pueda iniciar su gestión de una manera ordenada, distribuyendo responsabilidades acordes con los recursos disponibles y que, a partir de ello se dedique a incentivar permanentemente la inteli...

Full description

Bibliographic Details
Main Author: Lehmann, Francisco (autor)
Other Authors: Pérez Otero, Alma Delia (revisor)
Format: eBook
Language:Español
Published: México, D.F. Cengage 2014
Edition:1a. ed.
Subjects:
Online Access:Texto completo

MARC

LEADER 00000nam a2200000 i 4500
001 B724_1213
003 CO-BoDC
005 20230608160349.0
006 m o d
007 cr cnu---unuuu
008 s2014 mx a fo 001 0 spa d
020 |a 9789871954193 
020 |a 9789871954209 
024 7 |c 1213  |2 Identificador Ebook7-24 
035 |a (Co-BoDC)1213 
040 |a Co-BoDC  |b spa  |e rda 
082 0 4 |a 658.4092  |b L523  |2 22 
100 1 |a Lehmann, Francisco  |e autor 
245 1 0 |a Soy gerente: ¿y ahora qué? /  |c Francisco Lehmann ; revisión técnica Alma Delia Pérez Otero 
250 |a 1a. ed. 
264 1 |a México, D.F.  |b Cengage  |c 2014 
300 |a 1 recurso en línea (xvii, 204 páginas):  |b ilustraciones 
336 |a texto  |b txt  |2 rdacontent/spa 
337 |a computador  |b c  |2 rdamedia/spa 
338 |a recurso en linea  |b cr  |2 rdacarrier/spa 
347 |a texto  |b PDF  |2 rda/spa 
504 |a Incluyen conclusiones al final de cada capítulo 
505 0 |t El punto de partida: ¿negocio o empresarialidad? --   |t Vocación para dirigir --   |t Soy gerente ¿y ahora qué? --   |t Capitanes en acción --   |t ¿Qué está haciendo para que las cosas ocurran? --   |t La responsabilidad de generar acciones previsibles --   |t Gente común con resultados extraordinarios --   |t Complementariedad, cómo reinventarse para hacer valer las oportunidades --   |t Delegue para mejorar su eficiencia --   |t Reflexiones sobre el necesario uso del poder --   |t Repensando el liderazgo 
506 |a Acceso en línea, autorizado para usuarios eBooks 7-24 
520 1 |a Soy gerente ¿y ahora qué? tiene como objetivo presentar los elementos básicos necesarios para que un gerente pueda iniciar su gestión de una manera ordenada, distribuyendo responsabilidades acordes con los recursos disponibles y que, a partir de ello se dedique a incentivar permanentemente la inteligencia de los integrantes de su equipo, sus motivaciones y la capacidad de liderazgo de cada uno. Las propuestas que encontrará en este texto parten de la toma de conciencia de que para dirigir empresas hay que prepararse, no es suficiente contar con habilidad en los negocios. Este libro le ayudará en su formación y orientará a desarrollar eficientemente su gestión. 
588 0 |a Versión impresa 
650 1 4 |a Administración de empresas 
650 1 4 |a Características directivas 
650 1 4 |a Delegación de autoridad 
650 1 4 |a Liderazgo 
650 1 4 |a Responsabilidad  
700 1 |a Pérez Otero, Alma Delia  |e revisor 
856 4 0 |u https://ebooks724.uam.elogim.com:443/?il=1213  |z Texto completo